Estadísticas para Mapa de Ciudades Comenzando con D

Haz click aquí para intentar la prueba.

Estadísticas generales

  • Esta prueba ha sido intentada 3.439 veces
    (1.596 desde el último reinicio)
  • La puntuación promedio es 13 de 30

Respuestas en el mapa

Las respuestas están codificadas por una escala verde-roja en el mapa de la prueba según el % correcto abajo.
 

Estadísticas de respuestas

Ciudad% Correcto
Dublin
94%
Daca
77%
Dakar
71%
Delhi
70%
Dubái
70%
Doha
67%
Denver
66%
Dallas
65%
Damasco
63%
Detroit
63%
Dusseldorf
52%
Donostia
48%
Dodoma
46%
Donetsk
46%
Dar es Salam
45%
Dili
42%
Dresde
40%
Dusambé
38%
Durban
35%
Dijon
34%
Darwin
29%
Dundee
28%
Des Moines
21%
Duala
19%
Daegu
17%
Dalián
17%
Dávao
15%
Dammam
14%
Da Nang
14%
Dongguan
10%

Distribución de puntuación

Porcentaje por número respondido

Porcentaje de gente con cada puntuación

Historial de tus puntuaciones

No has intentado esta prueba desde el último reinicio